000 00429nam a2200181Ia 4500
001 21181
005 20260306172900.0
008 260306t2010||||xx |||||||||||||| ||spa||
041 _aESP
082 _a344J
_bG12A
100 _aGaceta Jurídica
_eAUT
245 0 _aCasuística de jurisprudencia penal
260 _c2010
300 _a750 páginas :
_c26 cm.
650 _aGEN
654 _aCDE
942 _cLIB
_dJUS
_fJUS
_2ddc
_n
999 _c21181
_d21181